00511nam a2200169Ia 4500008004100000082001300041100002900054245004100083250000800124260002500132300001000157500002400167650001500191942000700206952011100213999001700324230524s9999 xx 000 0 und d a612bMUK aKanai L.Mukherjee923700 0aMedical Laboratory Technology Vol-II a1ST aNEW DELHIbTMHc2004 aX;880 aQuantity Number: 1 aBiomedical cBK 00104070aTATCLbTATCLcGENd2023-05-24l0o612 MUKp10765r2023-05-24tVOL-IIw2023-05-24yBKzBSCM2201 c35243d35243